Loading...
| Fine Arts - Auditory Fine Arts | 3 | 23.33 | 100% | 100% | 33% |
| Fine Arts - Other Fine Arts | 2 | 20.00 | 100% | 50% | 50% |
| Fine Arts - Visual Fine Arts | 7 | 17.14 | 100% | 43% | 29% |
| History - American History | 3 | 10.00 | 100% | 0% | 0% |
| History - European History | 4 | 12.50 | 100% | 25% | 0% |
| History - Other History | 6 | 11.67 | 83% | 17% | 17% |
| History - World History | 5 | 10.00 | 80% | 20% | 0% |
| Literature - American Literature | 5 | 12.00 | 100% | 20% | 0% |
| Literature - British Literature | 5 | 16.00 | 100% | 40% | 20% |
| Literature - European Literature | 6 | 15.00 | 100% | 50% | 0% |
| Literature - World Literature | 3 | 13.33 | 67% | 67% | 0% |
| Mythology | 3 | 16.67 | 100% | 67% | 0% |
| Philosophy | 3 | 16.67 | 100% | 67% | 0% |
| Pop Culture | 1 | 10.00 | 100% | 0% | 0% |
| Religion | 4 | 20.00 | 100% | 50% | 50% |
| Science - Biology | 4 | 15.00 | 100% | 25% | 25% |
| Science - Chemistry | 7 | 15.71 | 100% | 29% | 29% |
| Science - Other Science | 2 | 15.00 | 100% | 50% | 0% |
| Science - Physics | 3 | 13.33 | 100% | 33% | 0% |
| Social Science | 6 | 13.33 | 100% | 33% | 0% |